000 00432nam a2200169Ia 4500
001 835
003 IN-NITTTR
005 20251114232903.0
008 251113s9999||||xx |||||||||||||| ||eng||
040 _beng
040 _cIN-NITTTR
041 _aeng
082 _a624.151 T783S
100 _aTschebotarioff, Gregory P.
245 0 _aSoil mechanics, foundations, and earth structures. /
_cTschebotarioff, Gregory P.
942 _2ddc
_cBK
999 _c641
_d641